Los animales, personajes en el mundo de los niños / (Record no. 2953)

MARC details
000 -CABECERA
campo de control de longitud fija 00648nam a2200217 a 4500
005 - FECHA Y HORA DE LA ÚLTIMA TRANSACCIÓN
campo de control 20220622063505.0
008 - ELEMENTOS DE LONGITUD FIJA--INFORMACIÓN GENERAL
campo de control de longitud fija 991125s1997 mx 000 0 spa u
020 ## - NÚMERO INTERNACIONAL NORMALIZADO PARA LIBROS
Número Internacional Estándar del Libro 9686898743
035 ## - NÚMERO DE CONTROL DEL SISTEMA
Número de control de sistema UPN01000002953
049 ## - COLECCIÓN
Colección CG
050 #4 - SIGNATURA TOPOGRÁFICA DE LA BIBLIOTECA DEL CONGRESO
Número de clasificación PN56 P92
Número de documento/Ítem A55
245 04 - MENCIÓN DE TÍTULO
Título Los animales, personajes en el mundo de los niños /
Mención de responsabilidad, etc. comp. Salvador Millán.
260 ## - PUBLICACIÓN, DISTRIBUCIÓN, ETC.
Lugar de publicación, distribución, etc. México :
Nombre del editor, distribuidor, etc. UPN,
Fecha de publicación, distribución, etc. 1997.
300 ## - DESCRIPCIÓN FÍSICA
Extensión 126 p.
440 #0 - MENCIÓN DE SERIE/ASIENTO SECUNDARIO--TÍTULO
Título Diálogos ;
Designación de volumen o secuencia 1
500 ## - NOTA GENERAL
Nota general "Seminario de sociopsicoanálisis"
650 #0 - ASIENTO SECUNDARIO DE MATERIA - TERMINO TEMATICO
Término de materia o nombre geográfico como elemento de entrada Animales
Subdivisión de forma Cuentos y leyendas
9 (RLIN) 234
650 #4 - ASIENTO SECUNDARIO DE MATERIA - TERMINO TEMATICO
Término de materia o nombre geográfico como elemento de entrada PSICOANALISIS EN LA LITERATURA
9 (RLIN) 14150
700 1# - ASIENTO SECUNDARIO--NOMBRE DE PERSONAL
Nombre de persona Millán, Salvador,
Término indicativo de función/relación comp.
905 ## - TIPO DE MATERIAL
Tipo de material Libro
Holdings
Estado de retiro Estado de pérdida Fuente del sistema de clasificación o colocación Estado dañado No para préstamo Código de colección Localización permanente Ubicación/localización actual Ubicación en estantería Fecha de adquisición Clasificación Código de barras Fecha visto por última vez Número de copia Tipo de ítem Koha Total de préstamos Restricciones de uso Precio válido a partir de
    Library of Congress Classification   Coleccion SEP Colección General Bib. Gregorio Torres Quintero Bib. Gregorio Torres Quintero Planta baja 09/05/2023 PN56 P92 A55 149118 31/12/2020 1 Libro      
    Library of Congress Classification     Colección General Bib. Gregorio Torres Quintero Bib. Gregorio Torres Quintero Planta baja   PN56 P92 A55 182498 31/12/2020 1 Libro 1    
    Library of Congress Classification     Colección General Bib. Gregorio Torres Quintero Bib. Gregorio Torres Quintero Planta baja   PN56 P92 A55 197258 31/12/2020 1 Libro      
    Library of Congress Classification   Coleccion SEP Colección General Bib. Gregorio Torres Quintero Bib. Gregorio Torres Quintero Planta baja 09/05/2023 PN56 P92 A55 149117 31/12/2020 1 Libro      
    Library of Congress Classification     Colección General Bib. Gregorio Torres Quintero Bib. Gregorio Torres Quintero Planta baja   PN56 P92 A55 182495 31/12/2020 1 Libro 3    
    Library of Congress Classification     Colección General Bib. Gregorio Torres Quintero Bib. Gregorio Torres Quintero Planta baja   PN56 P92 A55 182496 31/12/2020 1 Libro 1    
    Library of Congress Classification     Colección General Bib. Gregorio Torres Quintero Bib. Gregorio Torres Quintero Planta baja   PN56 P92 A55 182497 31/12/2020 1 Libro 1    
    Library of Congress Classification     UPN Bib. Gregorio Torres Quintero Bib. Gregorio Torres Quintero Colecciones especiales Planta alta 11/06/2024 PN56 P92 A55 338850 11/06/2024 Ej.19 Libro   Préstamo por horas 11/06/2024